[Event "Sveins 6. Minneturnering"]
[Site "Oslo"]
[Date "2013.06.21"]
[Round "2"]
[White "Hauge, Lars Oskar"]
[Black "Danielsen, Henrik"]
[Result "0-1"]
[WhiteElo "2191"]
[BlackElo "2508"]
[PlyCount "56"]
[EventDate "2013.??.??"]

1. e4 g6 2. d4 Bg7 3. Nf3 d6 4. Be2 Nd7 5. O-O e5 6. c4 Nh6 7. Nc3 O-O 8. d5 f5
9. Ng5 Nc5 10. b4 Nxe4 11. Ncxe4 fxe4 12. Nxe4 Nf5 13. Bg4 a5 14. Bg5 Qe8 15.
c5 axb4 16. cxd6 Nxd6 17. Bxc8 Nxe4 18. Be6+ Kh8 19. Be3 Qb5 20. a4 Qa5 21. Qg4
Nc3 22. Qc4 b5 23. Qh4 bxa4 24. Bh6 Bxh6 25. Qxh6 Nxd5 26. Rad1 Nf6 27. Rfe1
Qb6 28. Rxe5 Ng4
0-1

[Event "Sveins 6. Minneturnering"]
[Site "Oslo"]
[Date "2013.06.21"]
[Round "2"]
[White "Ziska, Helgi Dam"]
[Black "Grotnes, Nils Ragnar"]
[Result "1-0"]
[WhiteElo "2474"]
[BlackElo "2182"]
[PlyCount "101"]
[EventDate "2013.??.??"]

1. e4 e5 2. Nf3 Nc6 3. Bc4 Bc5 4. d3 Nf6 5. Bb3 d6 6. c3 O-O 7. Bg5 h6 8. Bh4
Be6 9. Ba4 Ne7 10. d4 Bb6 11. dxe5 dxe5 12. Qxd8 Raxd8 13. Bc2 Ng6 14. Bg3 Nd7
15. Nbd2 f6 16. Ke2 Bf7 17. Nh4 Nxh4 18. Bxh4 Nc5 19. f3 Ne6 20. Bg3 Rd7 21.
Rhd1 Rfd8 22. Ba4 c6 23. Bb3 Bc5 24. Nc4 Rxd1 25. Rxd1 Rxd1 26. Kxd1 b5 27. Na5
Nd8 28. Bxf7+ Kxf7 29. Nb3 Bb6 30. Nc1 g5 31. Nd3 Ke6 32. h4 Kd6 33. h5 Ne6 34.
Be1 c5 35. Bd2 c4 36. Nb4 Nc7 37. Ke2 a5 38. Nc2 Bc5 39. g3 Ne6 40. Be3 b4 41.
Bxc5+ Kxc5 42. Ne3 Ng7 43. g4 b3 44. a4 Ne6 45. Kd2 Nf4 46. Kc1 Nd3+ 47. Kb1
Ne1 48. Nf5 Nxf3 49. Nxh6 Kd6 50. Nf5+ Ke6 51. h6 1-0

[Event "Sveins 6. Minneturnering"]
[Site "Oslo"]
[Date "2013.06.21"]
[Round "2"]
[White "Mellem, Nikolas Axel"]
[Black "Djurhuus, Rune"]
[Result "0-1"]
[WhiteElo "2124"]
[BlackElo "2455"]
[PlyCount "104"]
[EventDate "2013.??.??"]

1. e4 e5 2. d4 exd4 3. Nf3 Nc6 4. Bc4 Bb4+ 5. c3 dxc3 6. O-O c2 7. Qxc2 Nge7 8.
a3 Bd6 9. Qc3 f6 10. Ba2 Ng6 11. Re1 Be7 12. b4 d6 13. b5 Nce5 14. Nd4 Nf7 15.
f4 O-O 16. Be3 Bd7 17. Nd2 Kh8 18. Bd5 Qc8 19. Rac1 Bd8 20. Qb3 Nh6 21. Nc4 Be7
22. Na5 Rb8 23. Qc4 Bd8 24. Bd2 Re8 25. g3 Ne7 26. e5 Nxd5 27. Qxd5 dxe5 28.
fxe5 fxe5 29. Bxh6 gxh6 30. Rxe5 Bf6 31. Ree1 Bg4 32. Nab3 Rxe1+ 33. Rxe1 Qd7
34. Qxd7 Bxd7 35. a4 c5 36. bxc6 bxc6 37. Rf1 Kg7 38. Rd1 Rb4 39. Nc2 Bg4 40.
Rd7+ Bxd7 41. Nxb4 c5 42. Nd5 Bxa4 43. Nxf6 Bxb3 44. Ne4 c4 45. Kf2 a5 46. Ke3
a4 47. Kd4 a3 48. Kc3 Kg6 49. h3 Kf5 50. Nd6+ Ke5 51. Nb5 a2 52. Kb2 Ke4
0-1

[Event "Sveins 6. Minneturnering"]
[Site "Oslo"]
[Date "2013.06.21"]
[Round "2"]
[White "Østmoe, Geir Sune Tallaksen"]
[Black "Mikalsen, Erlend"]
[Result "1-0"]
[WhiteElo "2444"]
[BlackElo "2117"]
[PlyCount "137"]
[EventDate "2013.??.??"]

1. d4 Nf6 2. c4 e6 3. g3 d5 4. Nf3 dxc4 5. Bg2 c5 6. O-O Nc6 7. Qa4 Bd7 8. Qxc4
cxd4 9. Nxd4 Rc8 10. Nc3 Qb6 11. Nxc6 Bxc6 12. Be3 Qa5 13. Rac1 Be7 14. Bxc6+
bxc6 15. Qa4 Qh5 16. f3 Bc5 17. Nd1 Bxe3+ 18. Nxe3 O-O 19. Qxa7 Ra8 20. Qb6
Rxa2 21. Rxc6 Qe5 22. Rc2 Rb8 23. Nc4 Rxb6 24. Nxe5 h6 25. Rd1 Rb7 26. Rdd2 g5
27. Kf2 Kg7 28. Nc4 Nd5 29. e4 Nb4 30. Rc3 Rc7 31. Ke2 Ra1 32. Ne5 Rca7 33. Rb3
Na2 34. Rb8 Rh1 35. Ke3 Nc1 36. f4 f6 37. Nc6 Rc7 38. Rc2 Rd1 39. Re8 Kf7 40.
Rd8 Rxc6 41. Rxc6 Rxd8 42. Rxc1 Rb8 43. Rc2 Rb3+ 44. Kd4 Rb4+ 45. Kd3 gxf4 46.
gxf4 Rb3+ 47. Kc4 Rf3 48. b4 Rxf4 49. Re2 Rf1 50. b5 Rc1+ 51. Kb4 Ke7 52. Rd2
Rb1+ 53. Kc5 Rc1+ 54. Kb4 Rb1+ 55. Kc5 Rc1+ 56. Kb6 Rc4 57. Re2 Kd6 58. Ka7 Kc5
59. b6 Ra4+ 60. Kb7 Rc4 61. Rb2 Rxe4 62. Kc8 Rg4 63. b7 f5 64. Kd7 Rg8 65. Kxe6
f4 66. b8=Q Rxb8 67. Rxb8 Kd4 68. Rh8 f3 69. Rxh6
1-0

[Event "Sveins 6. Minneturnering"]
[Site "Oslo"]
[Date "2013.06.21"]
[Round "2"]
[White "Hoi, Carsten"]
[Black "Svensen, Tarjei Joten"]
[Result "1-0"]
[WhiteElo "2392"]
[BlackElo "2094"]
[PlyCount "41"]
[EventDate "2013.??.??"]

1. d4 e6 2. c4 Nf6 3. Nc3 Bb4 4. e3 O-O 5. Nge2 b6 6. a3 Be7 7. d5 exd5 8. cxd5
Ba6 9. g3 d6 10. b4 Nbd7 11. Nd4 Bb7 12. Nc6 Bxc6 13. dxc6 Ne5 14. Bg2 a6 15.
f4 Ng6 16. O-O h5 17. h3 Qc8 18. Bb2 Re8 19. Qd3 h4 20. g4 Bf8 21. Rae1
1-0

[Event "Sveins 6. Minneturnering"]
[Site "Oslo"]
[Date "2013.06.21"]
[Round "2"]
[White "Mihajlov, Sebastian"]
[Black "Grønn, Atle"]
[Result "1/2-1/2"]
[WhiteElo "2101"]
[BlackElo "2368"]
[PlyCount "90"]
[EventDate "2013.??.??"]

1. d4 e6 2. c4 f5 3. Nf3 Nf6 4. g3 d5 5. Bg2 c6 6. b3 Bb4+ 7. Bd2 Bd6 8. O-O
Ne4 9. Bf4 Bxf4 10. gxf4 O-O 11. e3 Bd7 12. Nbd2 Be8 13. Nxe4 fxe4 14. Ng5 Rf6
15. f3 h6 16. Nh3 Bh5 17. Qe1 exf3 18. Bxf3 Bg6 19. Nf2 Bf5 20. Kh1 Qe7 21. e4
dxe4 22. Nxe4 Rf7 23. Qe3 Nd7 24. c5 Bxe4 25. Bxe4 Qf8 26. Bd3 Nf6 27. Qxe6 Re8
28. Qc4 Ne4 29. Bxe4 Rxe4 30. Rae1 Qe7 31. Rxe4 Qxe4+ 32. Kg1 Kf8 33. d5 cxd5
34. Qxe4 dxe4 35. f5 Rc7 36. b4 Kf7 37. Kf2 b6 38. Ke3 bxc5 39. Rc1 c4 40. Kxe4
Kf6 41. a4 h5 42. Rc3 h4 43. a5 h3 44. Kf4 Rc8 45. Ke4 Rc7
1/2-1/2

[Event "Sveins 6. Minneturnering"]
[Site "Oslo"]
[Date "2013.06.21"]
[Round "2"]
[White "Tari, Aryan"]
[Black "Toby, Albert"]
[Result "1-0"]
[WhiteElo "2354"]
[BlackElo "2074"]
[PlyCount "103"]
[EventDate "2013.??.??"]

1. e4 c5 2. Nf3 Nc6 3. d4 cxd4 4. Nxd4 e5 5. Nb5 a6 6. Nd6+ Bxd6 7. Qxd6 Qf6 8.
Qc7 Nge7 9. Nc3 O-O 10. Be3 d6 11. O-O-O Rd8 12. Nd5 Nxd5 13. exd5 Rd7 14. Qb6
Ne7 15. h4 h6 16. Rh3 Ng6 17. h5 Nh4 18. Qb4 Nf5 19. Rf3 Qh4 20. Qxh4 Nxh4 21.
Rh3 Nf5 22. Bb6 g5 23. hxg6 fxg6 24. g4 Ne7 25. Rxh6 Kg7 26. Rh4 Ng8 27. g5 Rf7
28. Bg2 Bf5 29. Rdh1 Rc8 30. c3 Kf8 31. f4 exf4 32. Rxf4 Ke7 33. Re1+ Kd7 34.
Be4 Ne7 35. Bd4 Rh7 36. Bxf5+ gxf5 37. Bf6 Nxd5 38. Rxf5 Kc6 39. Bd4 Rg8 40.
Rg1 Rh5 41. c4 Nc7 42. Be3 b5 43. cxb5+ axb5 44. Kb1 Rg7 45. Rc1+ Kd7 46. Rd1
Kc6 47. Bf4 Ne8 48. Rc1+ Kb6 49. Be3+ Ka5 50. Rc6 Rh1+ 51. Kc2 Rc7 52. Bb6+ 1-0

[Event "Sveins 6. Minneturnering"]
[Site "Oslo"]
[Date "2013.06.21"]
[Round "2"]
[White "Johansen, Stian"]
[Black "Westerinen, Heikki M.J."]
[Result "1/2-1/2"]
[WhiteElo "2081"]
[BlackElo "2318"]
[PlyCount "114"]
[EventDate "2013.??.??"]

1. d4 Nf6 2. c4 g6 3. Nc3 Bg7 4. e4 d6 5. f4 O-O 6. Nf3 c5 7. d5 e6 8. Be2 exd5
9. cxd5 Bg4 10. O-O Nbd7 11. Re1 Re8 12. h3 Bxf3 13. Bxf3 a6 14. a4 Qc7 15. g4
Kh8 16. Be3 Rad8 17. h4 h6 18. g5 Nh7 19. Kf2 b5 20. axb5 axb5 21. Ra6 Qb8 22.
Qc2 b4 23. Ne2 Ndf8 24. Rea1 f6 25. gxh6 Bxh6 26. Qa4 Qc8 27. Qc6 Qxc6 28. Rxc6
f5 29. exf5 gxf5 30. Raa6 Bg7 31. b3 Bf6 32. Bh5 Bxh4+ 33. Kf3 Re7 34. Rxd6
Rxd6 35. Rxd6 Nf6 36. Bxc5 Nxh5 37. Rh6+ Rh7 38. Bxf8 Rxh6 39. Bxh6 Nf6 40. d6
Ne4 41. d7 Nc5 42. Bf8 Nxd7 43. Bxb4 Kh7 44. Bc3 Bd8 45. b4 Kg6 46. Nd4 Bf6 47.
Ne2 Bd8 48. Bd4 Kf7 49. Be3 Nf6 50. Nd4 Nd5 51. b5 Kf6 52. Nc6 Bc7 53. Bd4+ Ke6
54. Be5 Bxe5 55. Nxe5 Kd6 56. Nc4+ Kc5 57. Ne3 Nxf4
1/2-1/2

[Event "Sveins 6. Minneturnering"]
[Site "Oslo"]
[Date "2013.06.21"]
[Round "2"]
[White "Moseng, Geir"]
[Black "Bekker-Jensen, Simon"]
[Result "0-1"]
[WhiteElo "2068"]
[BlackElo "2419"]
[PlyCount "82"]
[EventDate "2013.??.??"]

1. d4 Nf6 2. c4 g6 3. Nc3 Bg7 4. e4 d6 5. Nge2 O-O 6. Ng3 h5 7. Be2 Nbd7 8. Bg5
Nh7 9. Be3 e5 10. d5 Bf6 11. Qd2 a5 12. Bd3 Bg5 13. O-O Nc5 14. Bc2 Bd7 15. f3
Bxe3+ 16. Qxe3 Qg5 17. Qxg5 Nxg5 18. b3 h4 19. Nge2 Rab8 20. a3 f5 21. b4 axb4
22. axb4 Na6 23. Rfb1 h3 24. f4 exf4 25. Nxf4 fxe4 26. Nxg6 Rf6 27. Nh4 Re8 28.
Rb2 e3 29. Bd3 Rf4 30. g3 Rd4 31. Be2 Rd2 32. Raa2 Rd4 33. Ra1 Bg4 34. Bxg4
Rxg4 35. Ne2 Rxc4 36. Rf1 Nxb4 37. Rf6 Ne4 38. Rg6+ Kh7 39. Rg4 Rg8 40. Rf4
Nxd5 41. Rf5 Rg5 0-1

[Event "Sveins 6. Minneturnering"]
[Site "Oslo"]
[Date "2013.06.21"]
[Round "2"]
[White "Kjølberg, Jens Hjorth"]
[Black "Aulin-Jansson, Jøran"]
[Result "0-1"]
[WhiteElo "2011"]
[BlackElo "2222"]
[PlyCount "114"]
[EventDate "2013.??.??"]

1. e4 c5 2. Nf3 d6 3. d4 cxd4 4. Nxd4 Nf6 5. Nc3 a6 6. Bg5 e6 7. Qe2 Be7 8. f4
b5 9. a3 Bb7 10. O-O-O Nbd7 11. g4 Rc8 12. Bg2 Rxc3 13. bxc3 Qa5 14. Bxf6 Bxf6
15. Qe3 Nb6 16. Bf1 e5 17. fxe5 dxe5 18. Nb3 Qxa3+ 19. Kd2 Na4 20. Bd3 Qe7 21.
Ke1 Nxc3 22. Ra1 Bh4+ 23. Kf1 Bg5 24. Qf3 O-O 25. Kg2 g6 26. h4 Bxh4 27. Qh3 g5
28. Qe3 Qe6 29. Rag1 Rc8 30. Nd2 Qxg4+ 31. Kf1 Nd1 32. Qf3 Qxf3+ 33. Nxf3 Kf8
34. Nxg5 Bxg5 35. Rxg5 Ne3+ 36. Ke2 Nxc2 37. Rxh7 Rc5 38. Rgg7 Nd4+ 39. Kf2 Rc7
40. Rg5 Nc6 41. Ke3 Bc8 42. Be2 Be6 43. Rh1 Rb7 44. Rc1 Rb6 45. Rh5 b4 46. Rh8+
Ke7 47. Ra8 a5 48. Ra6 Rxa6 49. Bxa6 Kd6 50. Bb5 Nd4 51. Ba4 Bb3 52. Bxb3 Nxb3
53. Rc4 Nc5 54. Kd2 Kc6 55. Kc1 Kb5 56. Rc2 a4 57. Kb2 a3+
0-1

[Event "Sveins 6. Minneturnering"]
[Site "Oslo"]
[Date "2013.06.21"]
[Round "2"]
[White "Machlik, Jon"]
[Black "Poulsen, Iver"]
[Result "0-1"]
[WhiteElo "1837"]
[BlackElo "2086"]
[PlyCount "36"]
[EventDate "2013.??.??"]

1. e4 c5 2. Nf3 Nc6 3. d4 cxd4 4. Nxd4 Nf6 5. Nc3 g6 6. Be3 Bg7 7. f3 O-O 8. g4
Qb6 9. Na4 Qa5+ 10. c3 Nxd4 11. Bxd4 d6 12. b4 Qg5 13. c4 Qf4 14. Nb2 Bxg4 15.
Be2 Be6 16. Rc1 Rfc8 17. a4 Nxe4 18. Rg1 Bxd4
0-1

[Event "Sveins 6. Minneturnering"]
[Site "Oslo"]
[Date "2013.06.21"]
[Round "2"]
[White "Machlik, Endre"]
[Black "Haug, Johannes"]
[Result "1/2-1/2"]
[WhiteElo "1650"]
[BlackElo "2050"]
[PlyCount "77"]
[EventDate "2013.??.??"]

1. d4 Nf6 2. c4 e6 3. Nc3 Bb4 4. Qc2 O-O 5. Bg5 d5 6. e3 h6 7. Bxf6 Qxf6 8. a3
Bxc3+ 9. Qxc3 c6 10. c5 Nd7 11. Nf3 Re8 12. Ne5 Nxe5 13. dxe5 Qe7 14. b4 Bd7
15. f4 b6 16. Rc1 Reb8 17. Bd3 a5 18. O-O f5 19. Ra1 b5 20. g3 g5 21. Qb2 Be8
22. Be2 Bg6 23. Qd2 Ra7 24. Qb2 Kg7 25. Qd4 Rba8 26. Rfb1 Bf7 27. Rc1 Ra6 28.
Bd1 Qa7 29. Rab1 axb4 30. axb4 g4 31. Bb3 h5 32. Qb2 h4 33. Kg2 Qb7 34. Ra1
R8a7 35. Rxa6 h3+ 36. Kf1 Qxa6 37. Rb1 Qa3 38. Qxa3 Rxa3 39. Ke2
1/2-1/2

[Event "Sveins 6. Minneturnering"]
[Site "Oslo"]
[Date "2013.06.21"]
[Round "2"]
[White "Hansen, Lars-Henrik Bech"]
[Black "Sætre, Roger"]
[Result "1-0"]
[WhiteElo "2045"]
[BlackElo "1835"]
[PlyCount "59"]
[EventDate "2013.??.??"]

1. e4 c6 2. d4 d5 3. exd5 cxd5 4. Bd3 Nc6 5. c3 Qc7 6. Nf3 Bg4 7. Na3 a6 8. O-O
e6 9. Nc2 Bd6 10. h3 Bh5 11. Re1 Nge7 12. b4 O-O 13. Bxh7+ Kxh7 14. Ng5+ Kg6
15. g4 Bxg4 16. Qxg4 f5 17. Qh4 Nd8 18. Qh7+ Kf6 19. Qh5 g6 20. Qh4 Kg7 21.
Qh7+ Kf6 22. Nf3 f4 23. Ne5 Bxe5 24. dxe5+ Kg5 25. h4+ Kg4 26. f3+ Kg3 27. Nd4
Ndc6 28. Qh6 Nxe5 29. Qg5+ Kh3 30. Rxe5
1-0

[Event "Sveins 6. Minneturnering"]
[Site "Oslo"]
[Date "2013.06.21"]
[Round "2"]
[White "Sætre, Mathias"]
[Black "Kjøita, Henning Jakhelln"]
[Result "1-0"]
[WhiteElo "1798"]
[BlackElo "2032"]
[PlyCount "61"]
[EventDate "2013.??.??"]

1. e4 c5 2. Nc3 g6 3. g3 Bg7 4. Bg2 Nc6 5. d3 d6 6. f4 Nf6 7. h3 Nh5 8. Nge2 e5
9. f5 gxf5 10. exf5 Bxf5 11. g4 Qh4+ 12. Kf1 Nd4 13. gxh5 Rg8 14. Nxd4 exd4 15.
Ne4 Be5 16. Qe2 O-O-O 17. Qf3 Bxe4 18. Qxe4 Qxe4 19. Bxe4 d5 20. Bxh7 Rg3 21.
Rg1 Rh8 22. Rxg3 Bxg3 23. Bf5+ Kc7 24. h6 c4 25. h7 Kd6 26. Bh6 Be5 27. Kf2 Ke7
28. Re1 Kf6 29. Rxe5 Kxe5 30. Bg7+ Kxf5 31. Bxh8
1-0

[Event "Sveins 6. Minneturnering"]
[Site "Oslo"]
[Date "2013.06.21"]
[Round "2"]
[White "Amarapala, Sherington"]
[Black "Mac Arthur, John"]
[Result "1/2-1/2"]
[WhiteElo "1738"]
[BlackElo "2013"]
[PlyCount "33"]
[EventDate "2013.??.??"]

1. e4 c5 2. Nf3 e6 3. d4 cxd4 4. Nxd4 a6 5. c4 Qc7 6. Nc3 Nf6 7. Qc2 Nc6 8.
Nxc6 Qxc6 9. Bg5 Bb4 10. f3 d5 11. Bxf6 gxf6 12. exd5 exd5 13. cxd5 Bxc3+ 14.
Qxc3 Qxd5 15. Qxf6 O-O 16. Rd1 Qxa2 17. Qg5+
1/2-1/2

[Event "Sveins 6. Minneturnering"]
[Site "Oslo"]
[Date "2013.06.21"]
[Round "2"]
[White "Djurhuus, Eivind X"]
[Black "Eriksen, Dag"]
[Result "1-0"]
[WhiteElo "1934"]
[BlackElo "1735"]
[PlyCount "81"]
[EventDate "2013.??.??"]

1. e4 Nf6 2. e5 Nd5 3. d4 d6 4. Nf3 Bg4 5. Be2 e6 6. h3 Bh5 7. O-O Be7 8. c4
Nb6 9. Nc3 O-O 10. Be3 Nc6 11. exd6 cxd6 12. d5 Bxf3 13. Bxf3 Ne5 14. b3 Nxf3+
15. Qxf3 e5 16. a4 Nd7 17. a5 f5 18. b4 e4 19. Qe2 Bf6 20. Ra3 Be5 21. Nb5 Rf6
22. Bg5 a6 23. Bxf6 Nxf6 24. Nc3 Qe8 25. c5 Qg6 26. Kh1 Nh5 27. g3 Nf6 28. Re1
Rc8 29. c6 bxc6 30. Qxa6 Qe8 31. Qe2 cxd5 32. Nb5 d4 33. a6 d3 34. Qa2+ Kh8 35.
a7 Ra8 36. Nc7 Qc6 37. Nxa8 e3+ 38. Kh2 d2 39. Nc7 Qa8 40. Nxa8 dxe1=Q 41. Nc7
1-0

[Event "Sveins 6. Minneturnering"]
[Site "Oslo"]
[Date "2013.06.21"]
[Round "2"]
[White "Langmyhr, Tore"]
[Black "Bue, Gunnar"]
[Result "1-0"]
[WhiteElo "1930"]
[BlackElo "1683"]
[PlyCount "39"]
[EventDate "2013.??.??"]

1. d4 Nf6 2. c4 g6 3. Nc3 Bg7 4. e4 d6 5. Be2 O-O 6. f4 c5 7. d5 e6 8. Nf3 exd5
9. cxd5 Re8 10. e5 dxe5 11. fxe5 Ng4 12. e6 fxe6 13. d6 Nd7 14. O-O a6 15. Bg5
Qb6 16. Na4 Qa7 17. Qd2 c4+ 18. Kh1 Nf2+ 19. Rxf2 Qxf2 20. Be3
1-0

[Event "Sveins 6. Minneturnering"]
[Site "Oslo"]
[Date "2013.06.21"]
[Round "2"]
[White "Ellingsrud, Bjørn"]
[Black "Machlik, Monika"]
[Result "0-1"]
[WhiteElo "1629"]
[BlackElo "1917"]
[PlyCount "74"]
[EventDate "2013.??.??"]

1. e4 Nf6 2. Nc3 d5 3. exd5 Nxd5 4. Nxd5 Qxd5 5. Qf3 Qc5 6. c3 e5 7. Qe3 Be6 8.
Qxc5 Bxc5 9. Bb5+ Nd7 10. Bxd7+ Bxd7 11. d3 O-O-O 12. Be3 Bxe3 13. fxe3 Bc6 14.
Nf3 Bxf3 15. gxf3 Rxd3 16. Ke2 Rhd8 17. Rhd1 Rxd1 18. Rxd1 Rxd1 19. Kxd1 Kd7
20. Ke2 Ke6 21. Kf2 Kf5 22. Kg3 c6 23. b3 e4 24. f4 g5 25. fxg5 Kxg5 26. a3 h5
27. a4 h4+ 28. Kg2 f5 29. h3 f4 30. Kf2 Kf5 31. a5 c5 32. c4 f3 33. Kf1 Ke6 34.
Kf2 Kd6 35. Kf1 Kc6 36. Kf2 b6 37. a6 b5
0-1

[Event "Sveins 6. Minneturnering"]
[Site "Oslo"]
[Date "2013.06.21"]
[Round "2"]
[White "Grønn, Eskil Ekeland"]
[Black "Olsen, Jens Petter"]
[Result "1-0"]
[WhiteElo "1883"]
[BlackElo "1605"]
[PlyCount "37"]
[EventDate "2013.??.??"]

1. d4 d5 2. Nc3 Nf6 3. Bg5 e6 4. e4 dxe4 5. Nxe4 Be7 6. Bxf6 Bxf6 7. Nf3 O-O 8.
c3 Nc6 9. Bd3 b6 10. Qc2 h6 11. O-O-O Bb7 12. h4 Be7 13. g4 f6 14. Rdg1 Qd5 15.
Rg3 e5 16. g5 fxg5 17. hxg5 hxg5 18. c4 Qd8 19. Nexg5
1-0

[Event "Sveins 6. Minneturnering"]
[Site "Oslo"]
[Date "2013.06.21"]
[Round "3"]
[White "Hebden, Mark L"]
[Black "Østmoe, Geir Sune Tallaksen"]
[Result "1-0"]
[WhiteElo "2548"]
[BlackElo "2444"]
[PlyCount "69"]
[EventDate "2013.??.??"]

1. d4 d5 2. Nf3 Nf6 3. c4 c6 4. e3 Bf5 5. Nc3 e6 6. Nh4 Be4 7. f3 Bg6 8. Qb3
Qb6 9. Nxg6 hxg6 10. Bd2 Nbd7 11. O-O-O Bd6 12. h3 O-O-O 13. Qa4 dxc4 14. Bxc4
Kb8 15. Kb1 Qc7 16. Qb3 Nb6 17. Bd3 e5 18. Ne4 exd4 19. exd4 Nbd5 20. Bc4 Rhe8
21. Rhe1 Bg3 22. Re2 Ka8 23. Nxf6 gxf6 24. Rxe8 Rxe8 25. Bxd5 cxd5 26. Qxd5 Rd8
27. Qc5 Qd7 28. Bb4 Be5 29. Qc2 Qd5 30. Be7 Rd7 31. Bxf6 Bb8 32. Qe4 Qb5 33. d5
a5 34. g4 Bd6 35. a4
1-0

[Event "Sveins 6. Minneturnering"]
[Site "Oslo"]
[Date "2013.06.21"]
[Round "3"]
[White "Arvola, Benjamin"]
[Black "Hillarp, Tiger"]
[Result "0-1"]
[WhiteElo "2358"]
[BlackElo "2517"]
[PlyCount "58"]
[EventDate "2013.??.??"]

1. e4 g6 2. d4 Bg7 3. Nc3 d6 4. f4 a6 5. Nf3 b5 6. Bd3 Nd7 7. e5 c5 8. Be4 Rb8
9. O-O Nh6 10. Kh1 O-O 11. Be3 b4 12. Ne2 Qc7 13. Ng3 cxd4 14. Nxd4 dxe5 15.
Nc6 Nf6 16. Nxb8 Nhg4 17. Qf3 Nxe3 18. Qxe3 Ng4 19. Qf3 exf4 20. Qxf4 Be5 21.
Qf3 Qxb8 22. Rae1 Bxb2 23. Rb1 Be5 24. c3 a5 25. cxb4 axb4 26. a3 Bxg3 27. hxg3
Qe5 28. Rfc1 Qh5+ 29. Kg1 Ba6
0-1

[Event "Sveins 6. Minneturnering"]
[Site "Oslo"]
[Date "2013.06.21"]
[Round "3"]
[White "Danielsen, Henrik"]
[Black "Hoi, Carsten"]
[Result "1-0"]
[WhiteElo "2508"]
[BlackElo "2392"]
[PlyCount "90"]
[EventDate "2013.??.??"]

1. Nf3 Nf6 2. c4 g6 3. g3 Bg7 4. Bg2 O-O 5. Nc3 d6 6. O-O c6 7. d4 Bf5 8. b3
Ne4 9. Bb2 Nxc3 10. Bxc3 Be4 11. e3 Nd7 12. Qe2 e6 13. Rfc1 a5 14. Bf1 g5 15.
Nd2 Bg6 16. Bg2 Qe7 17. a4 e5 18. d5 cxd5 19. Bxd5 Nc5 20. e4 Ne6 21. Nf1 Nd4
22. Qd1 Qd7 23. g4 h5 24. gxh5 Bh7 25. Ng3 Kh8 26. Ra2 g4 27. Bxd4 exd4 28. Rd2
Bh6 29. Rxd4 Bxc1 30. Qxc1 Qe7 31. Qh6 Qe5 32. Nf5 Kg8 33. Qxd6 Qxd6 34. Nxd6
Rab8 35. e5 Kg7 36. Rxg4+ Kh6 37. Bxf7 Bc2 38. Rg3 Rbd8 39. Bg6 Bxg6 40. hxg6
Rd7 41. c5 Re7 42. Nf7+ Kg7 43. f4 Rc8 44. f5 Rd7 45. f6+ Kf8
1-0

[Event "Sveins 6. Minneturnering"]
[Site "Oslo"]
[Date "2013.06.21"]
[Round "3"]
[White "Mihajlov, Svetoslav"]
[Black "Ziska, Helgi Dam"]
[Result "0-1"]
[WhiteElo "2055"]
[BlackElo "2474"]
[PlyCount "100"]
[EventDate "2013.??.??"]

1. e4 c5 2. Nf3 d6 3. d4 cxd4 4. Nxd4 Nf6 5. Nc3 a6 6. Bg5 Nbd7 7. f4 Qc7 8.
Qf3 h6 9. Bxf6 Nxf6 10. f5 Qc5 11. O-O-O g5 12. Nb3 Qe5 13. Nd5 Nxd5 14. Rxd5
Qf4+ 15. Qxf4 gxf4 16. Be2 Bd7 17. Bf3 Rc8 18. Kb1 Bg7 19. c3 Be5 20. Rd2 e6
21. fxe6 fxe6 22. Rhd1 Ke7 23. Nc1 Ba4 24. Re1 Rhf8 25. Nd3 Bh8 26. Bg4 Bb5 27.
Red1 Be8 28. Bf3 Bg6 29. Ka1 Rc4 30. Nf2 Rd8 31. Re2 b5 32. Nd3 Rf8 33. a3 a5
34. Ka2 Bh7 35. Nc1 b4 36. cxb4 axb4 37. axb4 Rxb4 38. Nd3 Rd4 39. Nf2 Ra4+ 40.
Kb3 Ra7 41. Nd3 Rb8+ 42. Kc2 Bd4 43. Kb1 Rab7 44. Nxf4 Bxb2 45. Nd3 Bf6+ 46.
Kc2 Bg5 47. Ra1 e5 48. Kd1 Bg8 49. Re1 Bc4 50. Be2 Bb3# 0-1

[Event "Sveins 6. Minneturnering"]
[Site "Oslo"]
[Date "2013.06.21"]
[Round "3"]
[White "Djurhuus, Rune"]
[Black "Tari, Aryan"]
[Result "0-1"]
[WhiteElo "2455"]
[BlackElo "2354"]
[PlyCount "48"]
[EventDate "2013.??.??"]

1. e4 c6 2. d4 d5 3. e5 Bf5 4. h4 h6 5. Nc3 e6 6. Bd3 Bxd3 7. Qxd3 c5 8. dxc5
Nd7 9. Qg3 Ne7 10. h5 Nxc5 11. Nf3 d4 12. Nd1 Nf5 13. Qf4 Be7 14. O-O Qd5 15.
b3 O-O 16. Bb2 Rfd8 17. Re1 Rac8 18. Re2 d3 19. Rd2 Nh4 20. Nxh4 Bg5 21. Qb4
Na6 22. c4 Qe4 23. Nc3 Qxh4 24. Qxb7 Nc5
0-1

[Event "Sveins 6. Minneturnering"]
[Site "Oslo"]
[Date "2013.06.21"]
[Round "3"]
[White "Bekker-Jensen, Simon"]
[Black "Johansen, Stian"]
[Result "1-0"]
[WhiteElo "2419"]
[BlackElo "2081"]
[PlyCount "47"]
[EventDate "2013.??.??"]

1. d4 Nf6 2. c4 c5 3. d5 b5 4. cxb5 a6 5. bxa6 g6 6. Nc3 Bxa6 7. e4 Bxf1 8.
Kxf1 d6 9. Nf3 Bg7 10. g3 O-O 11. Kg2 Nbd7 12. a4 Qa5 13. Bd2 Qb4 14. Re1 c4
15. Nb5 Qc5 16. Bc3 Ng4 17. Nfd4 Nge5 18. Re2 Rae8 19. Qd2 Ra8 20. f4 Nd3 21.
b4 Qc8 22. Nc6 Re8 23. Bxg7 Kxg7 24. Qc3+
1-0

[Event "Sveins 6. Minneturnering"]
[Site "Oslo"]
[Date "2013.06.21"]
[Round "3"]
[White "Grønn, Atle"]
[Black "Aulin-Jansson, Jøran"]
[Result "0-1"]
[WhiteElo "2368"]
[BlackElo "2222"]
[PlyCount "94"]
[EventDate "2013.??.??"]

1. Nf3 Nf6 2. c4 g6 3. g3 Bg7 4. Bg2 O-O 5. d4 c5 6. O-O cxd4 7. Nxd4 Nc6 8.
Nc3 Ng4 9. e3 d6 10. Nde2 Qa5 11. Nd5 e6 12. Ndf4 Qc7 13. Nd4 Nxd4 14. exd4 e5
15. Nd5 Qxc4 16. Ne7+ Kh8 17. Nxc8 Qxc8 18. dxe5 dxe5 19. Qd5 Rb8 20. h3 Nh6
21. Be3 b6 22. Rfc1 Qd8 23. g4 f5 24. Qxd8 Rbxd8 25. Bg5 Rd7 26. Rd1 Rxd1+ 27.
Rxd1 Nf7 28. Be7 Re8 29. Rd7 e4 30. gxf5 Ne5 31. Rc7 gxf5 32. Kf1 Nd3 33. b4
Be5 34. Rxa7 Rc8 35. Bg5 Rc2 36. Be3 f4 37. Bxe4 fxe3 38. Bxd3 Rxf2+ 39. Kg1
Rd2 40. Bb5 e2 41. Bxe2 Rxe2 42. a4 Rb2 43. b5 Bc3 44. Rc7 Ba5 45. Rc1 Kg7 46.
Rf1 Kg6 47. Rf4 Rb4
0-1

[Event "Sveins 6. Minneturnering"]
[Site "Oslo"]
[Date "2013.06.21"]
[Round "3"]
[White "Poulsen, Iver"]
[Black "Getz, Nicolai"]
[Result "1/2-1/2"]
[WhiteElo "2086"]
[BlackElo "2359"]
[PlyCount "72"]
[EventDate "2013.??.??"]

1. e4 e6 2. d4 d5 3. Nc3 Nc6 4. e5 Nge7 5. Bg5 h6 6. Bxe7 Qxe7 7. Qd2 a6 8. f4
f5 9. Be2 g6 10. Nf3 Nd8 11. Nd1 Nf7 12. h4 Rg8 13. Nf2 Bd7 14. O-O-O O-O-O 15.
g4 Bg7 16. Qa5 fxg4 17. Nxg4 h5 18. Nf2 Bc6 19. Rhg1 Bh6 20. Nh3 Rdf8 21. Qd2
Nh8 22. Nfg5 Bb5 23. Bxb5 axb5 24. Qa5 c6 25. Qa8+ Kc7 26. Qa5+ Kb8 27. Rd3
Bxg5 28. hxg5 Qc7 29. Qxc7+ Kxc7 30. Rgg3 Nf7 31. Kd2 Nd8 32. Ra3 Kb6 33. b4
Nf7 34. Ra5 Ra8 35. Rga3 Ra6 36. Nf2 Rga8
1/2-1/2

[Event "Sveins 6. Minneturnering"]
[Site "Oslo"]
[Date "2013.06.21"]
[Round "3"]
[White "Fernandez Siles, Luis"]
[Black "Gonzalez, Francisco Silva"]
[Result "1-0"]
[WhiteElo "2285"]
[BlackElo "2050"]
[PlyCount "67"]
[EventDate "2013.??.??"]

1. d4 Nf6 2. c4 c5 3. d5 e6 4. Nc3 exd5 5. cxd5 d6 6. e4 g6 7. f4 Bg7 8. Bb5+
Nfd7 9. a4 O-O 10. Nf3 Na6 11. O-O Nb4 12. Re1 a6 13. Bf1 Nf6 14. h3 Rb8 15.
Bc4 Nd7 16. Be3 Re8 17. Bf2 Bh6 18. Bh4 Qa5 19. Ng5 Bg7 20. e5 Nb6 21. Bb5 axb5
22. axb5 Na4 23. Rxa4 Qb6 24. Bf2 Qd8 25. Nge4 Bf5 26. Nxd6 Bc2 27. Qd2 Bxa4
28. Nxa4 b6 29. Nxe8 Qxe8 30. Nc3 c4 31. Re4 Ra8 32. Rxc4 Ra1+ 33. Kh2 g5 34.
d6
1-0

[Event "Sveins 6. Minneturnering"]
[Site "Oslo"]
[Date "2013.06.21"]
[Round "3"]
[White "Grotnes, Nils Ragnar"]
[Black "Hansen, Lars-Henrik Bech"]
[Result "0-1"]
[WhiteElo "2182"]
[BlackElo "2045"]
[PlyCount "92"]
[EventDate "2013.??.??"]

1. d4 g6 2. c4 Nf6 3. Nc3 Bg7 4. e4 d6 5. f3 O-O 6. Be3 e5 7. d5 Nh5 8. Nge2 f5
9. Qd2 Nd7 10. O-O-O Nb6 11. b3 Bd7 12. Kb1 a5 13. Nc1 a4 14. b4 fxe4 15. Nxe4
Bf5 16. Qc2 Qh4 17. Bd3 Bxe4 18. Bxe4 Nf6 19. c5 Nbd7 20. g3 Qh3 21. Nd3 Nxe4
22. fxe4 Nf6 23. Nf2 Qd7 24. Qe2 a3 25. cxd6 cxd6 26. Rc1 Ra4 27. Bd2 b5 28.
Ka1 Qa7 29. Be3 Qb7 30. Qd2 Ra6 31. Rc3 Nd7 32. Rhc1 Nb6 33. Rc7 Qb8 34. Bh6
Ra7 35. Rxg7+ Rxg7 36. Bxg7 Kxg7 37. Ng4 Nc4 38. Qh6+ Kg8 39. Ne3 Qa7 40. Nc2
Rf2 41. h4 Qc7 42. Qg5 Nd2 43. Qe3 Qxc2 44. Qxa3 Qxe4 45. Rc8+ Kg7 46. Qa7+ Rf7
0-1